000 00311nam a2200109Ia 4500
008 171204s9999 xx 000 0 und d
245 _aBasic Crime Scene Photography:
245 _cAric W. Dutelle MFS
260 _c2015
650 _xBasic Photography
856 _uhttp://down.ebook777.com/054/9781514334331.pdf
999 _c346254
_d346254